Ultimate Borgen IL Top Scorer Quiz Season 24 - Statistics

General Stats
  • This quiz has been taken 2 times
  • The average score is 8 of 13
Answer Stats
Hints Answer % Correct
1. 16 Goals Benjamin Bayer
100%
9. 2 Goals Dennis Evensen
100%
10. 1 Goal Haakon Skagestad
100%
5. 5 Goals Mathias Øgaard
100%
BONUS. 0 Goals Trym Nørve
100%
2. 12 Goals Alexander Paulsen
50%
11. 1 Goal Daniel Aalykke
50%
3. 6 Goals Eskil Buri
50%
4. 5 Goals Jonas Throndsen
50%
12. 1 Goal Maximillian Ophus
50%
8. 2 Goals Tomas Sekse
50%
6. 3 Goals Leo Elden
0%
7. 2 Goals Max Skar
0%
No matching quizzes found
Score Distribution
Percent of People with Each Score
Percentile by Number Answered
Your Score History
You have not taken this quiz